00538 2200205 4500001002100000005001500021035002000036245004700056100001700103250000600120300002900126700002500155260002700180082001400207084002000221020002200241008004100263650002000304990000800324INLIS00000000000024920241001120235 a0010-03190000661 aThe Coffee Shop Chronicles /cAditia Yudis0 aAditia Yudis a1 a187 hlm :bilus ;c20 cm0 aWangi Mutiara Susilo aBogor :bByPass,c2012 a899.221'3 a899.221'3 ADI t a978-602-99693-5-1241001 0  4aFiksi Indonesia a644